Countries, US States, Capitals, Elements, 100 Most Common Words: Square Generator Puzzle - Statistics

General Stats
  • This quiz has been taken 121 times
  • The average score is 5 of 24
Answer Stats
DIRECTION ANSWER % Correct
⟳ 32 Democratic Republic of the Congo
93%
⟳ 21 Republic of the Congo
91%
⟲ 5 Chile
25%
⟳ 5 There
25%
⟲ 6 France
23%
⟳ 5 Tonga
21%
⟳ 6 Greece
19%
⟳ 7 Morocco
19%
⟳ 5 Gabon
18%
⟳ 5 Cairo
16%
⟳ 5 Maine
16%
⟲ 6 Monaco
16%
⟲ 6 Monaco
16%
⟳ 5 Their
16%
⟳ 6 Carbon
12%
⟳ 11 Connecticut
12%
⟲ 5 Radon
10%
⟳ 6 Dublin
9%
⟳ 5 After
8%
⟳ 5 Other
7%
⟲ 6 Copper
6%
⟳ 6 Pierre
5%
⟳ 6 Maputo
2%
⟲ 6 Taipei
2%
No matching quizzes found
Score Distribution
Percent of People with Each Score
Percentile by Number Answered
Your Score History
You have not taken this quiz